Network marketing / (Record no. 65569)

MARC details
000 -LEADER
fixed length control field 01281nam a22002417a 4500
005 - DATE AND TIME OF LATEST TRANSACTION
control field 20120411115531.0
010 ## - LCCN (DPL NO)
LC control number ENG-105095 B-490315-316
020 ## - INTERNATIONAL STANDARD BOOK NUMBER
International Standard Book Number 9788183822824
Terms of availability 150.00
035 ## - SYSTEM CONTROL NUMBER
System control number EN-88628 B-490315-316
037 ## - SOURCE OF ACQUISITION
Source of stock number/acquisition DBAD/PUB
037 ## - SOURCE OF ACQUISITION
Source of stock number/acquisition Prabhat Prakashan/Ven
082 ## - DEWEY DECIMAL CLASSIFICATION NUMBER
Classification number 658.84
100 ## - MAIN ENTRY--PERSONAL NAME
Personal name Mahapatra, Arun
245 ## - TITLE STATEMENT
Title Network marketing /
Statement of responsibility, etc by Arun Mahapatra
260 ## - PUBLICATION, DISTRIBUTION, ETC. (IMPRINT)
Place of publication, distribution, etc New Delhi
Name of publisher, distributor, etc Lotus Press
Date of publication, distribution, etc 2012
270 ## - ADDRESS
Address 4735/22,Prakash Deep Building,Ansari Road,Darya Ganj,
City New Delhi
Postal code 110002
300 ## - PHYSICAL DESCRIPTION
Extent 200p.
Dimensions 22cm(pbk)
942 ## - ADDED ENTRY ELEMENTS (KOHA)
Source of classification or shelving scheme Dewey Decimal Classification
Item type English Books
Call number suffix MAH
Classification part 658.84
Holdings
Withdrawn status Lost status Not for loan Collection code Home library Current library Date acquired Source of acquisition Cost, normal purchase price Full call number Barcode Copy number Cost, replacement price Koha item type
    Not For Loan Non-fiction D.B.Act.Division D.B.Act.Division 24/04/2012 DBAD / PUB 150.00 658.84 MAH EN-88628 1 150.00 English Books
      Non-fiction Sarojini Nagar Sarojini Nagar 14/02/2013 Prabhat Prakashan/L2703/03.01.2013/125/03.01.2013/09.01.2013 150.00 658.84 MAH B-490315 1 150.00 English Books
      Non-fiction Shahdara Branch Shahdara Branch 14/02/2013 Prabhat Prakashan/L2703/03.01.2013/125/03.01.2013/09.01.2013 150.00 658.84 MAH B-490316 1 150.00 English Books

© Delhi Public Library
Hit Counter
free hit counter